Ultimate Naruto Deaths Quiz - Statistics

General Stats
  • This quiz has been taken 2,001 times
  • The average score is 15 of 19
Answer Stats
Hint: Answer % Correct
Who defeated Jiraiya? Pain / Nagato
99%
Who killed Danzo? Sasuke
99%
Who defeated Itachi? Sasuke
99%
Who defeated Deidara? Sasuke
99%
Who kills White Zetsu? Sasuke
99%
Which Akatsuki member was killed by Shikamaru? Hidan
95%
Who defeated Asuma Sensei? Hidan
95%
Who killed Hiruzen Sarutobi? Orochimaru
92%
Which Akatsuki member was defeated by Sakura and Granny Chiyo? Sasori
91%
Who finished off Kakuzu? Kakashi
88%
Who killed Neji Hyuga? Obito
82%
Who dies trying to revive Gaara? Chiyo
77%
Who killed this sound ninja? (Jirobo) Choji
68%
Who killed this sound ninja? (Kidomaru) Neji
66%
ho killed this sound ninja? (Tayuya) Temari
55%
Who suppressed the Orochimaru curse? Itachi
54%
Who killed these sound ninjas? (Sakon and Ukon) Kankuro
49%
Who killed Madara Uchiha? Black Zetsu
38%
Who killed Kisame? Himself / Suicide
35%
No matching quizzes found
Score Distribution
Percent of People with Each Score
Percentile by Number Answered
Your Score History
You have not taken this quiz